| 000 | 01620nam a22004337a 4500 | ||
|---|---|---|---|
| 001 | 12694606 | ||
| 003 | OSt | ||
| 005 | 20210421064912.0 | ||
| 008 | 020307s2002 nyuaf 001 0aeng | ||
| 010 | _a 2002024800 | ||
| 020 | _a0679405887 | ||
| 040 |
_aeng _cDLC _deng _beng |
||
| 041 | _aeng | ||
| 042 | _apcc | ||
| 043 | _an-us--- | ||
| 050 | 0 | 0 |
_aHG2463.R6 _bA3 2002 |
| 080 |
_a92 _bR-68 |
||
| 082 | 0 | 0 |
_a332.1/092 _aB _221 |
| 100 | 1 |
_aRockefeller, David, _d1915-2017. |
|
| 245 | 1 | 0 |
_aMemoirs / _cDavid Rockefeller. _b/ by: Random House |
| 250 | _a1st trade ed. | ||
| 260 |
_aNew York : _bRandom House, _cc2002. |
||
| 300 |
_a517 p., [16] p. of plates : _bill. ; _c25 cm. |
||
| 365 | _b35 usd | ||
| 500 | _aIncludes index. | ||
| 600 | 1 | 0 |
_aRockefeller, David, _d1915-2017. |
| 610 | 2 | 0 | _aChase Manhattan Bank. |
| 650 | 0 |
_aBankers _zUnited States _vBiography. |
|
| 650 | 0 |
_aBiography _9237 |
|
| 650 | 0 |
_aBanks and banking _zUnited States _xHistory. |
|
| 653 | _aბიოგრაფია | ||
| 653 | _aბანკი და ბანკირები | ||
| 856 | 4 | 2 |
_3Contributor biographical information _uhttp://www.loc.gov/catdir/bios/random054/2002024800.html |
| 856 | 4 | 1 |
_3Sample text _uhttp://www.loc.gov/catdir/samples/random044/2002024800.html |
| 856 | 4 | 2 |
_3Publisher description _uhttp://www.loc.gov/catdir/description/random0411/2002024800.html |
| 906 |
_a7 _bcbc _corignew _d1 _eocip _f20 _gy-gencatlg |
||
| 942 |
_2udc _cBK |
||
| 999 |
_c672 _d672 |
||